000 00999cam a22002655a 4500
005 20091103014612.0
008 090911s2009 ii ab b 100 0 eng d
010 _aENG-95384
020 _a9788131306079
_c695.00
020 _a9788131306079
_c695.00
035 _aEN-78917
037 _bDBAD/PUB
040 _aDPL
_beng
082 _a370.71
245 _aTeacher Education /
_cEdited by N. Venkataiah
260 _aNew Delhi :
_bAPH Publishing Corporation
_c2009
270 _a4435-36/7. Ansari road, Darya Ganj
_bNew Delhi
_e110002
300 _a xx, 271 p.
_c22 cm. (Hb)
500 _aBibliography references & Indixing
520 _aContributed articles.
700 _aVenkataiah, N.
942 _2ddc
_cEN
_mVEN
_h370.71
999 _c31553
_d31553